Представление документа в формате RUSMARC

ПолеНазваниеЗначение
  Тип записи a
  Библиографический уровень a
001 Контрольный номер RU/CBS_UL/BASE/72244ab2eef34c1a997d93e94f583cac
005 Дата корректировки 20260128111724.0
100 Данные общей обработки __
a Данные общей обработки 20260128 ||| 0rusy0189 ca
101 Язык документа 0_
a Язык текста rus
102 Страна публикации __
a Страна публикации RU
200 Заглавие и сведения об ответственности 1_
a Заглавие Симбирские зимы бывали всякие...
e Сведения, относящиеся к заглавию [150 лет назад в Симбирске по инициативе земского врача Павла Козакевича была учреждена первая метеорологическая станция]
300 Общие примечания __
a Общие примечания 16+
461 Уровень набора _0
1 2000
a Народная газета
463 Уровень физической единицы _0
1 2000
a № 4 (28 янв.)
v С. 8
1 2101
d 2026
1 001RU/CBS_UL/BASE/258ded43515147278d6a95840d33f50f
600 Персоналии _1
a Персоналии (Фамилия) Козакевич
b Персоналии (Имя, инициалы) П.М.
606 Тематические рубрики 0_
a Основная рубрика Метеорология в России - История - Ульяновская область
610 Ключевые слова 0_
a Ключевые слова метеорологические станции
610 Ключевые слова 0_
a Ключевые слова первые метеорологические станции
610 Ключевые слова 0_
a Ключевые слова земские врачи
610 Ключевые слова 0_
a Ключевые слова метеонаблюдения
610 Ключевые слова 0_
a Ключевые слова история метеорологии; история метеорологии в Симбирске
610 Ключевые слова 0_
a Ключевые слова прогнозы погоды
610 Ключевые слова 0_
a Ключевые слова погода
686 Индексы других классификаций __
a Классификационный индекс 26.23
801 Источник записи _0
a Страна RU
b Организация МБУК ЦБС г. Ульяновска
c Дата составления 20260128
g Правила каталогизации RCR
801 Источник записи _1
a Страна RU
b Организация МБУК ЦБС г. Ульяновска
c Дата составления 20260128
g Правила каталогизации RCR
901 Тип документа __
t Тип документа f
w Контрольный № источника RU/CBS_UL/BASE/258ded43515147278d6a95840d33f50f
909 Создатель записи __
a Создатель записи mbo